[Event "9th HDBank Open 2019"]
[Site "Ho Chi Minh City"]
[Date "2019.03.09"]
[Round "4.24"]
[White "Nguyen, Thi Thanh An"]
[Black "Liu, Xiangyi"]
[Result "1/2-1/2"]
[WhiteElo "2245"]
[BlackElo "2427"]
[Annotator "ChessBase"]
[PlyCount "22"]
[EventDate "2019.03.07"]
[EventType "swiss"]
[EventCountry "VIE"]
[SourceTitle "playchess.com"]
[Source "ChessBase"]
[SourceQuality "1"]
[TimeControl "5400+30"]

1. d4 {[%emt 0:00:00]} Nf6 {[%emt 0:06:45]} 2. c4 {[%emt 0:00:00]} g6 {[%emt 0:00:08]} 3. Nc3 {[%emt 0:00:00]} d5 {[%emt 0:00:24]} 4. Bf4 {[%emt 0:00:09]} Bg7 {[%emt 0:00:07]} 5. e3 {[%emt 0:00:06]} O-O {[%emt 0:00:13]} 6. Rc1 {[%emt 0:00:06]} c6 {[%emt 0:03:14]} 7. Nf3 {[%emt 0:00:53]} Be6 {[%emt 0:09:49]} 8. Ng5 {[%emt 0:01:56]} Bc8 {[%emt 0:02:26]} 9. Nf3 {[%emt 0:00:22]} Be6 {[%emt 0:15:52]} 10. Ng5 {[%emt 0:00:19]} Bc8 {[%emt 0:04:40]} 11. Nf3 {[%emt 0:00:15]} Be6 {[%emt 0:04:16]} 1/2-1/2

[Event "9th HDBank Open 2019"]
[Site "Ho Chi Minh City"]
[Date "2019.03.09"]
[Round "4.25"]
[White "Gu, Tianlu"]
[Black "Bulmaga, Irina"]
[Result "0-1"]
[WhiteElo "2195"]
[BlackElo "2424"]
[Annotator "ChessBase"]
[PlyCount "72"]
[EventDate "2019.03.07"]
[EventType "swiss"]
[EventCountry "VIE"]
[SourceTitle "playchess.com"]
[Source "ChessBase"]
[SourceQuality "1"]
[TimeControl "5400+30"]

1. e4 {[%emt 0:02:50]} c6 {[%emt 0:00:00]} 2. d4 {[%emt 0:02:05]} d5 {[%emt 0:00:00]} 3. exd5 {[%emt 0:00:12]} cxd5 {[%emt 0:00:00]} 4. Bd3 {[%emt 0:00:29]} Nc6 {[%emt 0:00:00]} 5. c3 {[%emt 0:00:20]} Nf6 {[%emt 0:00:06]} 6. Na3 {[%emt 0:03:17]} a6 {[%emt 0:00:11]} 7. Bf4 {[%emt 0:02:44]} Bg4 {[%emt 0:04:08]} 8. Qd2 {[%emt 0:04:48]} e6 {[%emt 0:02:42]} 9. Nc2 {[%emt 0:00:10]} Bd6 {[%emt 0:00:40]} 10. f3 {[%emt 0:10:08]} Bh5 {[%emt 0:00:14]} 11. Ne2 {[%emt 0:00:19]} Bg6 {[%emt 0:02:21]} 12. O-O {[%emt 0:04:59]} Bxd3 {[%emt 0:07:57]} 13. Qxd3 {[%emt 0:00:05]} O-O {[%emt 0:03:29]} 14. Bxd6 {[%emt 0:04:44]} Qxd6 {[%emt 0:00:27]} 15. Qd2 {[%emt 0:04:42]} Na5 {[%emt 0:06:48]} 16. b3 {[%emt 0:00:39]} Rac8 {[%emt 0:01:18]} 17. c4 {[%emt 0:04:43]} b6 {[%emt 0:01:07]} 18. c5 {[%emt 0:02:19]} Qd8 {[%emt 0:05:39]} 19. Qd3 {[%emt 0:10:07]} bxc5 {[%emt 0:07:01]} 20. dxc5 {[%emt 0:00:53]} Qe7 {[%emt 0:06:41]} 21. b4 {[%emt 0:00:48]} Nc6 {[%emt 0:05:31]} 22. Kh1 {[%emt 0:01:13]} a5 {[%emt 0:06:13]} 23. a3 {[%emt 0:01:59]} e5 {[%emt 0:00:02]} 24. Nc3 {[%emt 0:08:42]} e4 {[%emt 0:03:05]} 25. fxe4 {[%emt 0:00:30]} dxe4 {[%emt 0:00:18]} 26. Qe3 {[%emt 0:05:04]} Qe5 {[%emt 0:03:59]} 27. Rf4 {[%emt 0:10:47]} Rcd8 {[%emt 0:07:03]} 28. Re1 {[%emt 0:01:57]} axb4 {[%emt 0:06:17]} 29. axb4 {[%emt 0:01:26]} Rfe8 {[%emt 0:12:07]} 30. Rxf6 {[%emt 0:04:20]} Qxf6 {[%emt 0:04:19]} 31. Nxe4 {[%emt 0:00:55]} Qb2 {[%emt 0:00:30]} 32. Re2 {[%emt 0:07:11]} Nxb4 {[%emt 0:02:47]} 33. Nxb4 {[%emt 0:00:20]} Rd1+ {[%emt 0:01:51]} 34. Re1 {[%emt 0:00:23]} Rxe1+ {[%emt 0:00:02]} 35. Qxe1 {[%emt 0:00:05]} Rxe4 {[%emt 0:00:06]} 36. Qd1 {[%emt 0:00:58]} Qd4 {[%emt 0:00:44]} 0-1

[Event "9th HDBank Open 2019"]
[Site "Ho Chi Minh City"]
[Date "2019.03.09"]
[Round "4.26"]
[White "Tu, Hoang Thong"]
[Black "Pranesh, M."]
[Result "1-0"]
[WhiteElo "2416"]
[BlackElo "2309"]
[Annotator "ChessBase"]
[PlyCount "97"]
[EventDate "2019.03.07"]
[EventType "swiss"]
[EventCountry "VIE"]
[SourceTitle "playchess.com"]
[Source "ChessBase"]
[SourceQuality "1"]
[TimeControl "5400+30"]

1. e4 {[%emt 0:00:00]} e6 {[%emt 0:01:10]} 2. Nf3 {[%emt 0:00:19]} d5 {[%emt 0:00:30]} 3. e5 {[%emt 0:00:30]} c5 {[%emt 0:00:30]} 4. c3 {[%emt 0:00:30]} Nc6 {[%emt 0:00:30]} 5. Na3 {[%emt 0:00:30]} Nb8 {[%emt 0:00:00]} 6. Nb1 Nc6 {[%emt 0:00:00]} 7. Na3 {[%emt 0:12:52]} d4 {[%emt 0:00:00]} 8. Bd3 {[%emt 0:02:30]} Nge7 {[%emt 0:00:47]} 9. Be4 {[%emt 0:01:02]} Ng6 {[%emt 0:02:31]} 10. Bxc6+ {[%emt 0:00:44]} bxc6 {[%emt 0:00:06]} 11. Qa4 {[%emt 0:00:23]} Qd5 {[%emt 0:03:50]} 12. O-O {[%emt 0:00:17]} Bb7 {[%emt 0:11:27]} 13. Nc4 {[%emt 0:07:10]} Nf4 {[%emt 0:02:47]} 14. d3 {[%emt 0:04:16]} Nxd3 {[%emt 0:10:14]} 15. Rd1 {[%emt 0:05:47]} Nxc1 16. Raxc1 {[%emt 0:00:04]} d3 {[%emt 0:01:15]} 17. Ne1 Qd8 {[%emt 0:04:15]} 18. Nxd3 {[%emt 0:12:17]} Qc7 {[%emt 0:01:11]} 19. Qa3 {[%emt 0:00:16]} Be7 {[%emt 0:03:28]} 20. Nd6+ {[%emt 0:06:02]} Bxd6 {[%emt 0:01:31]} 21. exd6 {[%emt 0:00:33]} Qxd6 {[%emt 0:00:07]} 22. Nxc5 {[%emt 0:00:15]} Qe7 {[%emt 0:04:15]} 23. Rd7 {[%emt 0:00:25]} Qg5 {[%emt 0:00:39]} 24. Rcd1 {[%emt 0:00:13]} O-O {[%emt 0:01:05]} 25. Nxb7 {[%emt 0:00:29]} h5 {[%emt 0:00:26]} 26. Qc5 {[%emt 0:00:41]} Qg4 {[%emt 0:00:21]} 27. h3 {[%emt 0:00:14]} Qg6 {[%emt 0:00:07]} 28. Qxc6 {[%emt 0:00:12]} Rac8 {[%emt 0:00:03]} 29. Qf3 {[%emt 0:00:11]} Rc4 {[%emt 0:00:07]} 30. Qd3 {[%emt 0:00:53]} Re4 {[%emt 0:00:31]} 31. Nc5 {[%emt 0:00:16]} Re5 {[%emt 0:00:04]} 32. Qxg6 {[%emt 0:00:24]} fxg6 {[%emt 0:00:04]} 33. b4 {[%emt 0:00:49]} Re2 {[%emt 0:00:06]} 34. Rd8 {[%emt 0:00:13]} Re1+ {[%emt 0:00:16]} 35. Rxe1 {[%emt 0:00:08]} Rxd8 {[%emt 0:00:04]} 36. Rxe6 {[%emt 0:00:08]} Rd2 {[%emt 0:00:03]} 37. Ra6 {[%emt 0:00:21]} Rc2 {[%emt 0:00:03]} 38. Ne4 {[%emt 0:00:09]} Re2 {[%emt 0:00:03]} 39. f3 {[%emt 0:00:09]} Kh7 {[%emt 0:00:30]} 40. h4 {[%emt 0:00:30]} Rxe4 {[%emt 0:00:30]} 41. fxe4 {[%emt 0:00:30]} g5 {[%emt 0:00:00]} 42. hxg5 {[%emt 0:00:00]} h4 {[%emt 0:00:00]} 43. b5 {[%emt 0:00:00]} h3 {[%emt 0:00:00]} 44. gxh3 {[%emt 0:00:00]} g6 {[%emt 0:00:00]} 45. Rxa7+ {[%emt 0:00:00]} Kg8 {[%emt 0:00:00]} 46. Rc7 {[%emt 0:00:04]} Kf8 {[%emt 0:00:00]} 47. b6 {[%emt 0:00:09]} Ke8 {[%emt 0:00:42]} 48. b7 {[%emt 0:00:09]} Kd8 {[%emt 0:01:12]} 49. b8=Q# {[%emt 0:00:16]} 1-0

[Event "9th HDBank Open 2019"]
[Site "Ho Chi Minh City"]
[Date "2019.03.09"]
[Round "4.27"]
[White "Nandhidhaa, P V"]
[Black "Le, Quang Long"]
[Result "1/2-1/2"]
[WhiteElo "2240"]
[BlackElo "2412"]
[Annotator "ChessBase"]
[PlyCount "134"]
[EventDate "2019.03.07"]
[EventType "swiss"]
[EventCountry "VIE"]
[SourceTitle "playchess.com"]
[Source "ChessBase"]
[SourceQuality "1"]
[TimeControl "5400+30"]

1. e4 {[%emt 0:04:43]} c6 {[%emt 0:00:00]} 2. d4 {[%emt 0:00:04]} d5 {[%emt 0:00:00]} 3. exd5 {[%emt 0:00:04]} cxd5 {[%emt 0:00:00]} 4. Bd3 {[%emt 0:00:03]} Nc6 {[%emt 0:00:00]} 5. c3 {[%emt 0:00:15]} Nf6 {[%emt 0:00:13]} 6. h3 {[%emt 0:00:06]} g6 {[%emt 0:00:20]} 7. Nf3 {[%emt 0:00:22]} Bf5 {[%emt 0:00:14]} 8. Be2 {[%emt 0:00:05]} Qc7 {[%emt 0:04:00]} 9. O-O {[%emt 0:00:30]} Bg7 {[%emt 0:00:15]} 10. Re1 {[%emt 0:00:36]} O-O {[%emt 0:00:38]} 11. Be3 {[%emt 0:00:54]} a6 {[%emt 0:07:32]} 12. Qc1 {[%emt 0:08:55]} Rfc8 {[%emt 0:02:15]} 13. Bf4 {[%emt 0:03:50]} Qd8 {[%emt 0:01:10]} 14. Qe3 {[%emt 0:07:17]} b5 {[%emt 0:03:18]} 15. Ne5 {[%emt 0:01:32]} Nd7 16. Nxc6 {[%emt 0:07:21]} Rxc6 {[%emt 0:04:12]} 17. Nd2 {[%emt 0:08:17]} Nb6 {[%emt 0:15:47]} 18. Nb3 {[%emt 0:03:05]} Na4 {[%emt 0:02:16]} 19. g4 {[%emt 0:05:05]} Be6 {[%emt 0:05:36]} 20. Rab1 {[%emt 0:00:47]} Qb6 {[%emt 0:01:30]} 21. a3 {[%emt 0:05:42]} Rac8 {[%emt 0:04:21]} 22. Be5 {[%emt 0:02:53]} f6 {[%emt 0:00:56]} 23. Bg3 {[%emt 0:00:52]} Re8 {[%emt 0:04:55]} 24. Bf3 {[%emt 0:08:50]} Bf7 {[%emt 0:01:19]} 25. Qd2 {[%emt 0:05:59]} Qd8 {[%emt 0:04:26]} 26. Rbd1 {[%emt 0:00:40]} e5 {[%emt 0:03:20]} 27. dxe5 {[%emt 0:03:57]} fxe5 {[%emt 0:01:44]} 28. Nc1 {[%emt 0:01:59]} Nb6 {[%emt 0:03:27]} 29. Nd3 {[%emt 0:01:09]} e4 {[%emt 0:07:35]} 30. Nb4 {[%emt 0:00:35]} Rc8 {[%emt 0:00:24]} 31. Bg2 {[%emt 0:09:02]} a5 {[%emt 0:06:08]} 32. Nc2 {[%emt 0:00:04]} Nc4 {[%emt 0:00:20]} 33. Qc1 {[%emt 0:00:02]} Qf6 {[%emt 0:01:01]} 34. Re2 {[%emt 0:03:12]} Ne5 {[%emt 0:02:25]} 35. Bxe5 {[%emt 0:02:30]} Qxe5 {[%emt 0:00:56]} 36. Qe3 {[%emt 0:00:39]} h5 {[%emt 0:03:41]} 37. gxh5 {[%emt 0:00:39]} Qxh5 {[%emt 0:00:07]} 38. Nd4 {[%emt 0:01:04]} b4 {[%emt 0:02:44]} 39. axb4 {[%emt 0:00:05]} axb4 {[%emt 0:00:06]} 40. Ra1 {[%emt 0:00:59]} bxc3 {[%emt 0:00:32]} 41. bxc3 {[%emt 0:00:03]} Re5 {[%emt 0:02:43]} 42. Rea2 {[%emt 0:00:51]} Bh6 {[%emt 0:02:47]} 43. Qg3 {[%emt 0:01:44]} Rg5 {[%emt 0:01:09]} 44. Ra8 {[%emt 0:00:13]} Rf8 {[%emt 0:03:26]} 45. Rxf8+ {[%emt 0:01:05]} Bxf8 {[%emt 0:00:07]} 46. Qf4 {[%emt 0:00:41]} Qh6 {[%emt 0:01:44]} 47. Kf1 {[%emt 0:00:47]} Rh5 {[%emt 0:00:19]} 48. Qxh6 {[%emt 0:01:06]} Bxh6 {[%emt 0:00:17]} 49. Ra8+ {[%emt 0:00:30]} Kg7 {[%emt 0:00:06]} 50. Ra7 {[%emt 0:00:50]} Bd2 {[%emt 0:00:29]} 51. c4 {[%emt 0:00:33]} dxc4 {[%emt 0:00:59]} 52. Bxe4 {[%emt 0:00:03]} Kf6 {[%emt 0:00:20]} 53. Nf3 {[%emt 0:00:32]} Bf4 {[%emt 0:00:39]} 54. Ra6+ {[%emt 0:00:22]} Kg7 {[%emt 0:00:14]} 55. h4 {[%emt 0:01:02]} Rc5 {[%emt 0:00:21]} 56. Rc6 {[%emt 0:00:40]} Rxc6 {[%emt 0:00:47]} 57. Bxc6 {[%emt 0:00:01]} c3 {[%emt 0:00:53]} 58. Nd4 {[%emt 0:00:48]} Bc4+ {[%emt 0:00:40]} 59. Ke1 {[%emt 0:00:26]} Be5 {[%emt 0:00:52]} 60. Nf3 {[%emt 0:01:10]} Bf6 {[%emt 0:00:32]} 61. Be4 {[%emt 0:00:21]} Bb3 {[%emt 0:00:27]} 62. Ke2 {[%emt 0:00:09]} Kh6 {[%emt 0:00:47]} 63. Kd3 {[%emt 0:00:39]} Kh5 {[%emt 0:00:18]} 64. Ne1 {[%emt 0:00:31]} Bf7 {[%emt 0:00:18]} 65. Nf3 {[%emt 0:00:56]} Kg4 {[%emt 0:00:32]} 66. Nd4 {[%emt 0:00:21]} Bxh4 {[%emt 0:00:49]} 67. f3+ {[%emt 0:00:18]} Kg3 1/2-1/2

[Event "9th HDBank Open 2019"]
[Site "Ho Chi Minh City"]
[Date "2019.03.09"]
[Round "4.28"]
[White "Tong, Thai Hung"]
[Black "Nitin, S.."]
[Result "0-1"]
[WhiteElo "2185"]
[BlackElo "2408"]
[Annotator "ChessBase"]
[PlyCount "79"]
[EventDate "2019.03.07"]
[EventType "swiss"]
[EventCountry "VIE"]
[SourceTitle "playchess.com"]
[Source "ChessBase"]
[SourceQuality "1"]
[TimeControl "5400+30"]

1. e4 {[%emt 0:00:00]} c5 {[%emt 0:00:08]} 2. Nf3 {[%emt 0:00:00]} d6 {[%emt 0:00:12]} 3. d4 {[%emt 0:00:00]} cxd4 {[%emt 0:00:07]} 4. Nxd4 {[%emt 0:00:06]} Nf6 {[%emt 0:00:05]} 5. f3 {[%emt 0:00:08]} e5 {[%emt 0:02:19]} 6. Nb3 {[%emt 0:00:24]} Be6 {[%emt 0:03:05]} 7. c4 {[%emt 0:00:22]} a5 {[%emt 0:04:17]} 8. Be3 {[%emt 0:00:14]} a4 {[%emt 0:01:33]} 9. N3d2 {[%emt 0:00:05]} Qa5 {[%emt 0:01:18]} 10. Nc3 {[%emt 0:00:16]} Nbd7 {[%emt 0:01:41]} 11. Rc1 {[%emt 0:02:06]} Be7 {[%emt 0:01:06]} 12. Bd3 {[%emt 0:03:39]} O-O {[%emt 0:03:19]} 13. O-O {[%emt 0:00:07]} Bd8 {[%emt 0:04:48]} 14. Rf2 {[%emt 0:03:44]} Bb6 {[%emt 0:03:31]} 15. Nf1 {[%emt 0:00:04]} Rfc8 {[%emt 0:07:54]} 16. Nb5 {[%emt 0:05:03]} Rc6 {[%emt 0:01:04]} 17. Rfc2 Bxe3+ {[%emt 0:10:45]} 18. Nxe3 {[%emt 0:01:29]} Qb6 {[%emt 0:00:07]} 19. Qd2 {[%emt 0:02:11]} Nc5 {[%emt 0:05:51]} 20. Na3 {[%emt 0:07:39]} Na6 {[%emt 0:01:25]} 21. c5 {[%emt 0:08:18]} Nxc5 {[%emt 0:01:28]} 22. Bb5 {[%emt 0:02:29]} Rc7 {[%emt 0:03:33]} 23. Bc4 {[%emt 0:00:30]} Rac8 {[%emt 0:05:30]} 24. Kh1 {[%emt 0:01:42]} h6 {[%emt 0:06:02]} 25. Bxe6 {[%emt 0:12:02]} Nxe6 {[%emt 0:00:24]} 26. Rxc7 {[%emt 0:00:03]} Rxc7 {[%emt 0:00:09]} 27. Rxc7 {[%emt 0:00:15]} Qxc7 {[%emt 0:02:09]} 28. Nb5 {[%emt 0:01:03]} Qc5 {[%emt 0:05:39]} 29. Nxd6 {[%emt 0:01:42]} b5 {[%emt 0:00:17]} 30. a3 {[%emt 0:04:32]} g6 {[%emt 0:01:28]} 31. h3 {[%emt 0:11:21]} Nd4 {[%emt 0:02:06]} 32. Nb7 {[%emt 0:00:27]} Qa7 {[%emt 0:01:36]} 33. Na5 {[%emt 0:01:28]} Nh5 {[%emt 0:00:35]} 34. Kh2 {[%emt 0:01:19]} Nf4 {[%emt 0:06:34]} 35. Ng4 {[%emt 0:23:08]} Nde2 {[%emt 0:02:31]} 36. Ne3 {[%emt 0:03:07]} Qc7 {[%emt 0:01:48]} 37. Nd5 {[%emt 0:02:31]} Qc5 {[%emt 0:01:34]} 38. Qe3 {[%emt 0:00:31]} Qc2 {[%emt 0:02:16]} 39. Nc6 {[%emt 0:04:06]} Ng3 {[%emt 0:05:29]} 40. Nf6+ {[%emt 0:01:49]} 0-1

[Event "9th HDBank Open 2019"]
[Site "Ho Chi Minh City"]
[Date "2019.03.09"]
[Round "4.29"]
[White "Zou, Chen"]
[Black "Gandhi, Anish"]
[Result "1-0"]
[WhiteElo "2397"]
[BlackElo "2156"]
[Annotator "NA"]
[PlyCount "119"]
[EventDate "2019.03.07"]
[EventType "swiss"]
[EventCountry "VIE"]
[SourceTitle "playchess.com"]
[Source "ChessBase"]
[SourceQuality "1"]
[TimeControl "5400+30"]

1. e4 {[%emt 0:04:26]} c5 {[%emt 0:00:00]} 2. Nf3 {[%emt 0:00:04]} d6 {[%emt 0:00:00]} 3. d4 {[%emt 0:00:04]} cxd4 {[%emt 0:00:00]} 4. Nxd4 {[%emt 0:00:02]} Nf6 {[%emt 0:00:00]} 5. Nc3 {[%emt 0:00:03]} a6 {[%emt 0:00:00]} 6. f3 {[%emt 0:00:07]} e5 {[%emt 0:00:03]} 7. Nb3 {[%emt 0:00:03]} Be6 {[%emt 0:00:08]} 8. Be3 {[%emt 0:00:03]} h5 {[%emt 0:00:09]} 9. Qd2 {[%emt 0:00:09]} Nbd7 {[%emt 0:00:07]} 10. Nd5 {[%emt 0:00:07]} Bxd5 {[%emt 0:00:11]} 11. exd5 {[%emt 0:00:04]} g6 {[%emt 0:00:08]} 12. Be2 {[%emt 0:00:35]} Bg7 {[%emt 0:00:31]} 13. O-O {[%emt 0:00:06]} b6 {[%emt 0:00:13]} 14. c4 {[%emt 0:00:36]} O-O {[%emt 0:00:11]} 15. Rac1 {[%emt 0:02:30]} a5 {[%emt 0:00:43]} 16. Na1 {[%emt 0:00:50]} Nc5 {[%emt 0:00:32]} 17. Nc2 {[%emt 0:01:03]} h4 {[%emt 0:00:17]} 18. Bg5 {[%emt 0:06:49]} h3 {[%emt 0:00:40]} 19. g4 {[%emt 0:08:53]} Qd7 {[%emt 0:06:39]} 20. Bh6 {[%emt 0:06:11]} Nh7 {[%emt 0:05:53]} 21. Bxg7 {[%emt 0:03:20]} Kxg7 {[%emt 0:00:04]} 22. Ne3 {[%emt 0:00:27]} Qe7 23. Kh1 {[%emt 0:02:45]} Rae8 {[%emt 0:07:03]} 24. Rg1 {[%emt 0:03:59]} Ng5 {[%emt 0:01:04]} 25. Rg3 {[%emt 0:04:34]} Kh7 {[%emt 0:13:36]} 26. Rcg1 {[%emt 0:04:58]} Rg8 {[%emt 0:05:02]} 27. Qc1 {[%emt 0:22:01]} Rg7 {[%emt 0:01:49]} 28. Nd1 {[%emt 0:09:23]} Qf6 {[%emt 0:02:32]} 29. Nf2 {[%emt 0:01:03]} Rh8 {[%emt 0:14:34]} 30. Nxh3 {[%emt 0:02:14]} Nxh3 {[%emt 0:00:22]} 31. Rxh3+ {[%emt 0:00:06]} Kg8 {[%emt 0:00:02]} 32. Rxh8+ {[%emt 0:02:42]} Kxh8 {[%emt 0:00:05]} 33. Kg2 {[%emt 0:03:51]} Rh7 {[%emt 0:00:46]} 34. Rh1 {[%emt 0:01:40]} Kg7 {[%emt 0:01:57]} 35. g5 {[%emt 0:04:46]} Qf5 {[%emt 0:01:16]} 36. h4 {[%emt 0:00:20]} Rh8 {[%emt 0:02:24]} 37. Kg3 {[%emt 0:02:12]} Re8 {[%emt 0:04:01]} 38. h5 {[%emt 0:01:46]} gxh5 {[%emt 0:04:01]} 39. Rxh5 {[%emt 0:00:05]} Rh8 {[%emt 0:00:05]} 40. Rxh8 {[%emt 0:01:00]} Kxh8 {[%emt 0:00:02]} 41. a3 {[%emt 0:03:52]} a4 {[%emt 0:00:44]} 42. Bd1 {[%emt 0:00:32]} Nd3 {[%emt 0:13:03]} 43. Bc2 {[%emt 0:00:14]} e4 {[%emt 0:00:10]} 44. Qe3 {[%emt 0:00:51]} Qe5+ {[%emt 0:02:00]} 45. Kg4 {[%emt 0:00:02]} Qxb2 {[%emt 0:04:29]} 46. Bxd3 {[%emt 0:00:01]} exd3 {[%emt 0:00:04]} 47. Qxd3 {[%emt 0:00:18]} Qb3 {[%emt 0:00:49]} 48. Qf5 {[%emt 0:01:00]} Qxc4+ {[%emt 0:03:16]} 49. Kh5 {[%emt 0:00:05]} Kg8 {[%emt 0:01:37]} 50. g6 {[%emt 0:01:25]} Qc7 {[%emt 0:01:33]} 51. Qe4 {[%emt 0:00:42]} fxg6+ {[%emt 0:01:45]} 52. Qxg6+ {[%emt 0:00:19]} Kf8 {[%emt 0:00:32]} 53. Qh6+ {[%emt 0:00:02]} Kg8 {[%emt 0:00:28]} 54. Qg6+ {[%emt 0:00:41]} Kf8 {[%emt 0:00:12]} 55. Qh6+ {[%emt 0:00:13]} Kg8 {[%emt 0:00:03]} 56. Qg5+ {[%emt 0:00:15]} Kf8 {[%emt 0:02:05]} 57. Kh6 {[%emt 0:00:24]} Qd7 {[%emt 0:02:21]} 58. f4 {[%emt 0:00:39]} Qe7 {[%emt 0:02:46]} 59. Qxe7+ {[%emt 0:00:31]} Kxe7 {[%emt 0:00:09]} 60. Kg7 {[%emt 0:00:03]} 1-0

[Event "9th HDBank Open 2019"]
[Site "Ho Chi Minh City"]
[Date "2019.03.09"]
[Round "4.30"]
[White "Priyanka Nutakki"]
[Black "Nguyen, Duc Hoa"]
[Result "0-1"]
[WhiteElo "2297"]
[BlackElo "2450"]
[Annotator "TA"]
[PlyCount "82"]
[EventDate "2019.03.07"]
[EventType "swiss"]
[EventCountry "VIE"]
[SourceTitle "playchess.com"]
[Source "ChessBase"]
[SourceQuality "1"]

{[%evp 10,82,8,13,51,32,44,44,55,25,19,-6,25,16,10,0,12,9,17,3,16,12,11,-5,-6,0,-6,-13,-8,-13,-10,-19,0,0,0,0,0,0,0,0,0,20,16,5,7,0,31,0,0,0,0,0,0,0,0,-29978,127,-87,-87,-89,-8,-646,-521,-29995,0,-397,-386,-386,-383,-362,-347,-1606,-1914,-1606,-1470]} 1. c4 e6 2. Nf3 Nf6 3. e3 d5 4. b3 Be7 5. Bb2 O-O 6. d4 Ne4 {A13: English Opening: 1...e6} (6... c5 7. dxc5 dxc4 8. Nbd2 cxb3 9. Nxb3 Nbd7 10. Rc1 b6 11. c6 Nc5 12. Qxd8 Rxd8 13. Bb5 Nd3+ 14. Bxd3 Rxd3 {1-0 (81) Nakamura,H (2777)-So,W (2780) chess.com INT 2018}) 7. Bd3 f5 8. O-O c6 {White is slightly better.} 9. Ne5 Nd7 10. cxd5 Nxe5 11. dxe5 {Strongly threatening Bxe4.} cxd5 12. Nd2 {[%cal Bb1d2,Bd2f3,Bf3d4][%mdl 32]} Bd7 $146 ({Predecessor:} 12... Nc5 13. Be2 Bd7 14. Nf3 a5 15. Nd4 {1-0 (67) Gligoric,S-Tomovic,V Ljubljana 1947}) 13. Nf3 b5 14. a3 a5 15. Nd4 Qb6 16. Bxe4 fxe4 17. Qg4 Rac8 18. f3 exf3 19. gxf3 Bc5 20. Rf2 Bxd4 21. Bxd4 Qd8 22. Rg2 {[%csl Gg2][%cal Rg4g7]} Qe7 23. b4 Rf5 24. bxa5 Be8 {White must now prevent ...Bh5.} 25. f4 Rc6 26. Rb2 Qc7 27. Qe2 g5 28. Rf1 Qxa5 29. Qxb5 Qxa3 30. Qb8 Qf8 {[%cal Rg5f4]} 31. Qa8 {Threatens to win with Rb8.} gxf4 {[#]} 32. Rb8 $2 {[%mdl 8192]} (32. e4 $1 $11 {[%mdl 512]} dxe4 33. Rb8) 32... Kf7 $2 (32... fxe3 33. Qa1 Rc2 34. Qe1 Rg5+ 35. Qg3 Rxg3+ 36. hxg3 Rf2 $1 {[%mdl 512]} 37. Rxf2 Qxf2+ {[%mdl 64] Double Attack} 38. Kh1 Qf3+ 39. Kh2 e2 40. Rxe8+ Kf7 41. Bc5 Kxe8 42. Bb4 e1=Q $1 {[%mdl 576] Decoy} 43. Bxe1 Qe2+ {[%mdl 64] Double Attack} 44. Kh3 Qxe1 45. g4 Qg1 46. g5 Kf8 47. Kh4 Qg2 48. g6 h6 49. g7+ Kxg7 50. Kh5 Qh3#) 33. Qa7+ $2 (33. exf4 $16 Rc2 34. Qb7+ Qe7 35. Qb3) 33... Kg6 $17 34. Kh1 {[#] aiming for exf4.} f3 $40 {[%mdl 128] White needs to defend precisely.} (34... Rc2 $1 $17 35. exf4 Rg5) 35. Qa8 $2 {[%mdl 8192]} (35. e4 $11 dxe4 36. Qa8) 35... Rc2 36. Qa6 {[#]} Rc6 $2 (36... Rxh2+ $1 {[%mdl 512] mates} 37. Kxh2 Qh6+ 38. Kg3 Qg5+ 39. Kh3 Qg2+ 40. Kh4 Rh5#) 37. Rg1+ $2 {[%mdl 8192]} (37. Qa8 $11 {and White is okay.} Rc2 38. Rb2 (38. Rxe8 {is a self mate.} Rxh2+ 39. Kxh2 Qh6+ 40. Kg1 Qg5+ 41. Kf2 Qg2+ 42. Ke1 Qe2#) 38... Rxb2 39. Bxb2) 37... Kh6 $19 {( -> ...f2)} 38. Qxc6 Bxc6 39. Rxf8 Rxf8 40. Rb1 $2 (40. Rf1) 40... f2 41. Kg2 {[#]} Bb5 $1 {[%mdl 512] Accuracy: White = 31%, Black = 51%.} 0-1